CSGO players to have won a Major - Statistics

General Stats
  • This quiz has been taken 402 times
    264 since last reset
  • The average score is 43 of 62
Answer Stats
#Times won Country Player % Correct
4 Denmark dev1ce
99%
4 Denmark Magisk
95%
5 Denmark dupreeh
94%
2 Brazil FalleN
93%
1 Ukraine s1mple
92%
4 Denmark gla1ve
91%
2 Brazil coldzera
90%
2 France apEX
89%
4 Denmark Xyp9x
88%
1 Estonia ropz
85%
1 USA Stewie2K
85%
3 Sweden JW
84%
3 Sweden flusha
82%
1 France kennyS
82%
1 France ZywOo
82%
2 Sweden olofmeister
80%
1 Poland pashabiceps
80%
2 Brazil TACO
80%
2 Brazil fer
78%
1 Norway rain
78%
1 Poland Snax
78%
1 Poland TaZ
78%
1 Latvia broky
77%
1 Russia electroNic
76%
1 Sweden GeT_RiGhT
76%
1 Kazakhstan Hobbit
76%
1 Denmark karrigan
76%
1 Canada Twistzz
76%
1 Poland NEO
75%
1 Ukraine b1t
74%
2 France Happy
74%
1 USA Skadoodle
73%
1 USA tarik
71%
1 Sweden f0rest
70%
2 Brazil fnx
70%
1 Israel Spinx
65%
1 Poland byali
64%
2 France kioShiMa
64%
1 France shox
63%
1 Kazakhstan AdreN
62%
2 Sweden KRiMZ
62%
2 France NBK
61%
1 Ukraine Zeus
61%
1 Russia Dosia
60%
1 Russia Jame
60%
1 USA autimatic
59%
3 Sweden pronax
59%
1 USA RUSH
58%
1 Russia Perfecto
57%
1 Sweden friberg
56%
1 Russia Boombl4
55%
1 Denmark Kjaerbye
53%
1 Kazakhstan mou
51%
1 Sweden Xizt
50%
1 Russia fame
48%
1 Sweden Fifflaren
44%
1 Russia n0rb3r7
44%
1 Kazahstan Qikert
44%
1 Russia FL1T
43%
1 Sweden Devilwalk
38%
1 Sweden schneider
33%
1 France SmithZz
32%
No matching quizzes found
Score Distribution
Percent of People with Each Score
Percentile by Number Answered
Your Score History
You have not taken this quiz since the last reset